00482nam a22001697a 450000500170000001000150001702000270003203500140005903700090007308200100008210000200009224500640011226000360017627000620021230000200027470000180029420240527150117.0 aENG-140508 a9789350832561c3000.00 aEN-124040 bDBAD a230.1 aGARGA, MALAYAJ. aThe Holy Ganga:bThe Discourse Nonpareil/cby Malayaj Garga aNew DelhibFushion Books c2013 bNew DelhiaX-30, Okhla Industrial Area, Phase 2, e110020 a958p.c27cm(hb) aMalayaj Garga